00493nam a2200169Ia 450000500170000000800410001702000150005808200130007310000180008624500270010426000290013130000130016050000310017394200060020495200980021099900150030820250317021229.0240331s9999 xx 000 0 und d a9555911002 bAYIa891 aAyithmathaw,C 0aMaha purusha kanthawak aRajagiriyabKurulu Books a140 p ., aStory of a Historical lady cL 001040708LaWERCLbWERCLcSSCd2024-03-31l0o 891.94 AYIp4813r2024-03-31w2024-03-31yL c5344d5344